| 000 | 00511cam a22002052a 4500 | ||
|---|---|---|---|
| 001 | 024784 | ||
| 003 | AR-FADEU | ||
| 008 | 311216n1970####xxu####################dd | ||
| 092 |
_a306.3 _bU18 _eBDT |
||
| 100 | _aUdy, Stanley H. | ||
| 245 | _aEl trabajo en las sociedades tradicional y moderna | ||
| 260 | _aBuenos Aires | ||
| 260 | _bAmorrortu | ||
| 260 | _c1970 | ||
| 300 | _a164 p | ||
| 500 | _aIncluye Apéndice | ||
| 700 | _aFlora, Setaro, tr | ||
| 650 | _aTRABAJO-SOCIOLOGIA/BDT/ | ||
| 942 | _cBDT | ||
| 999 |
_c30471 _d30471 |
||